| 000 | 00389 a2200109 4500 | ||
|---|---|---|---|
| 020 | _a1566070074 | ||
| 920 | _a1-56607-007-4 | ||
| 100 | 1 |
_aVarhol, Peter D.. _eAutor |
|
| 245 | 0 |
_aWindows NT - Microsoft's New Operating System Strategy / _cVarhol Peter D.. |
|
| 710 | 2 |
_aComputer Technology Research Corp.. _eWydawca _4pbl |
|
| 260 |
_aCharleston, South Carolina : _bCTR, _c1993. |
||
| 300 |
_aIV, 151 s.: _bil.; _c29 cm. |
||
| 999 |
_c1249 _d1249 |
||